A history of the philosophy of law from the ancient Greeks to the Scholastics /

Bibliographic Details
Corporate Author: SpringerLink (Online service)
Other Authors: Biondi, Carrie-Ann, Miller, Fred D., Jr., 1944-
Format: eBook
Language:English
Published: Dordrecht : Springer, [2007]
Series:Treatise of legal philosophy and general jurisprudence ; v. 6.
Subjects:
Online Access:Connect to the full text of this electronic book

MARC

Tag First Indicator Second Indicator Subfields
LEADER 00000cam a2200000Ia 4500
001 in00002575802
005 20210727090400.0
006 m d
007 cr cn|
008 100324s2007 ne af sb 001 0 eng d
020 |a 140204951X 
020 |a 9781402049514 
035 |a (OCoLC)567910552 
035 |a (OCoLC)ocn567910552 
035 |a 3706699 
037 |a 978-1-4020-4950-7  |b Springer  |n http://www.springerlink.com 
040 |a GW5XE  |b eng  |c GW5XE  |d UtOrBLW 
049 |a TXAC 
050 1 4 |a K235  |b .H57 2007 
082 0 4 |a 340.1  |2 22 
245 0 2 |a A history of the philosophy of law from the ancient Greeks to the Scholastics /  |c edited by Fred D. Miller, Jr. in association with Carrie-Ann Biondi ; with contributions by Mahesh Ananth [and others]. 
264 1 |a Dordrecht :  |b Springer,  |c [2007] 
264 4 |c ©2007 
300 |a xxviii, 424 pages, 3 unnumbered leaves of plates :  |b illustrations 
336 |a text  |b txt  |2 rdacontent 
337 |a computer  |b c  |2 rdamedia 
338 |a online resource  |b cr  |2 rdacarrier 
490 1 |a Treatise of legal philosophy and general jurisprudence ;  |v v. 6 
500 |a Electronic resource. 
504 |a Includes bibliographical references (pages [367]-406) and indexes. 
533 |a Electronic reproduction.  |b New York :  |c Springer,  |d 2010.  |n Mode of access: World Wide Web.  |n System requirements: Web browser.  |n Title from title screen (viewed on Mar. 11, 2010).  |n Access may be restricted to users at subscribing institutions. 
650 0 |a Jurisprudence.  |0 http://id.loc.gov/authorities/subjects/sh85071088 
650 0 |a Law  |x Philosophy  |x History.  |0 http://id.loc.gov/authorities/subjects/sh2008106814 
650 0 |a Law, Greek  |x Philosophy  |x History. 
650 0 |a Scholasticism  |x Philosophy  |x History. 
655 7 |a Electronic books.  |2 local 
700 1 |a Biondi, Carrie-Ann.  |0 http://id.loc.gov/authorities/names/no2015145188 
700 1 |a Miller, Fred D.,  |c Jr.,  |d 1944-  |0 http://id.loc.gov/authorities/names/n80107616 
710 2 |a SpringerLink (Online service)  |0 http://id.loc.gov/authorities/names/no2005046756 
776 1 |c Original  |w (OCoLC)316858896 
830 0 |a Treatise of legal philosophy and general jurisprudence ;  |v v. 6.  |0 http://id.loc.gov/authorities/names/no2012001360 
856 4 0 |u http://proxy.library.tamu.edu/login?url=https://dx.doi.org/10.1007/978-1-4020-4951-4  |z Connect to the full text of this electronic book  |t 0 
994 |a 92  |b TXA 
999 |a MARS 
999 f f |s 6d825c8a-4de9-3f97-bcd7-ff999a37e88c  |i fb024232-2306-3720-b834-6e666795e60f  |t 0 
952 f f |a Texas A&M University  |b College Station  |c Electronic Resources  |d Available Online  |t 0  |e K235 .H57 2007  |h Library of Congress classification 
998 f f |a K235 .H57 2007  |t 0  |l Available Online